Sarkaç / (Record no. 12686)

MARC details
000 -BAŞLIK
Sabit Uzunlukta Kontrol Alanı 00653nam a22002057a 4500
999 ## - SİSTEM KONTROL NUMARALARI (KOHA)
Koha Biblionumber 12686
Koha Biblioitemnumber 12686
003 - KONTROL NUMARASI IDENTIFIER
Denetim Alanı TR-AnCHP
005 - SON İŞLEM TARİHİ VE ZAMANI
Denetim Alanı 20190205170212.0
008 - SABİT-BOY VERİ ELEMANLARI - GENEL BİLGİLER
Sabit Uzunlukta Kontrol Alanı 190205b tu ||||| |||| 00| 0 tur d
020 ## - ULUSLARARASI STANDART KİTAP NUMARASI
Uluslararası Standart Kitap Numarası 9754583684
040 ## - KATALOGLAMA KAYNAK
Orijinal Kataloglama Ajansı TR-AnCHP
Metne Dönüştürmek Ajansı TR-AnCHP
041 ## - DİL KODU
Metin / Ses Parça Veya Ayrı Başlığın Dil Kodu tur
082 ## - DEWEY ONLU SINIFLANDIRMA NUMARASI
Sınıflandırma Numarası 811.42
Ürün Numarası S21s 2002
100 ## - ANA GİRİŞ - KİŞİSEL İSİM
Kişisel Ad Saçlıoğlu, Mehmet Zaman
Bir Adıyla İlişkilendirilen Tarihler 1955-
245 ## - BAŞLIK TABLOSU
Başlık Sarkaç /
Sorumluluk Tablosu, Vb Mehmet Zaman Saçlıoğlu
260 ## - YAYIN, DAĞITIM, VB
Yayın, Dağıtım, Vb Yeri İstanbul :
Yayıncı, Dağıtıcı, Vs Adı İş Bankası Kültür Yayınları ,
Yayın, Dağıtım, Vb Tarihi 2002.
300 ## - FİZİKSEL TANIM
Kapsam 52 s.
Boyutlar 20 sm.
490 ## - SERİSİ TABLOSU
Seri Beyanı Türkiye İş Bankası Kültür Yayınları ;
-- Edebiyat Fizisi
Hacim / Ardışık Tanımı Genel Yayın; 610.
-- 218
650 #0 - KONU KATMA GİRİŞ - TOPİKAL DÖNEM
Topikal Süreli Veya Coğrafi Ad Giriş Elemanı Türk edebiyatı
9 (RLIN) 19
Genel Alt Bölümü şiir
942 ## - EKLENDİ GİRİŞ ELEMANLARI (KOHA)
Sınıflandırma Veya Raf Düzeni Kaynak Dewey Decimal Classification
Koha Öğesi Türü Books
Holdings
Kalıcı Konum Mevcut Konum Edinme Tarihi Toplam Check-Out'Lar Tam Çağrı Numarası Barkod Tarih Son Görülme İtibaren Geçerli Fiyatlar Sigara Kamu Notu Koha Öğesi Türü
CHP Kütüphanesi CHP Kütüphanesi 02/05/2019   811.42 S21s 2002 018795 02/05/2019 02/05/2019 Kemal Kılıçdaroğlu bağışıdır. Books